| 000 | 01451cam a22003497a 4500 | ||
|---|---|---|---|
| 999 |
_c11231 _d11231 |
||
| 001 | 15561297 | ||
| 003 | OSt | ||
| 005 | 20191231154430.0 | ||
| 008 | 081218s2008 fr a b 000 0 eng | ||
| 010 | _a 2008506135 | ||
| 020 | _a9264033122 | ||
| 020 | _a9789264033122 | ||
| 035 | _a(OCoLC)ocn190778008 | ||
| 040 |
_aDLC _coclc _dDLC |
||
| 050 | 0 | 0 |
_aHB137 _b.U53 2008 |
| 082 | 0 | 4 |
_a337 _222 _bGIO/U |
| 245 | 0 | 0 |
_aUnderstanding Economic Statistics : _ban OECD perspective / _cEnrico Giovannini |
| 260 |
_aParis : _bOECD, _cc2008. |
||
| 300 |
_a195 p _bill. _c23 cm. |
||
| 504 | _aIncludes bibliographical references and webliography. | ||
| 530 | _aAlso available electronically via the World Wide Web. | ||
| 610 | 2 | 0 | _aOrganisation for Economic Co-operation and Development. |
| 650 | 0 |
_aEconomics _xStatistical methods _xEvaluation. |
|
| 700 |
_aGiovannini, Enrico _9945 |
||
| 710 | 2 | _aOrganisation for Economic Co-operation and Development. | |
| 856 | 4 | 1 |
_3Table of contents only _uhttp://www.loc.gov/catdir/toc/fy0906/2008506135.html |
| 856 | 4 | 2 |
_3Contributor biographical information _uhttp://www.loc.gov/catdir/enhancements/fy1605/2008506135-b.html |
| 856 | 4 | 2 |
_3Publisher description _uhttp://www.loc.gov/catdir/enhancements/fy1605/2008506135-d.html |
| 906 |
_a7 _bcbc _ccopycat _d2 _encip _f20 _gy-gencatlg |
||
| 942 |
_2ddc _cBK _h337 _iGIO/U _k337 _mGIO/U |
||